| 000 | 00422nam a2200157Ia 4500 | ||
|---|---|---|---|
| 003 | GCL | ||
| 008 | 140319s9999 xx 000 0 eng d | ||
| 040 |
_aGCL / _cGCL |
||
| 082 | 0 | 4 |
_a363.1791 _bLC |
| 100 | 1 | _aLEUR'S, GRACE ROSS | |
| 245 | 1 | 0 |
_a1.001 CHEMICALS IN EVERYDAY PRODUCTS / _cLEUR'S, GRACE ROSS |
| 260 |
_a[S.N] : _bVAN NOSTRAND REINHOLD ، _c1994 |
||
| 300 | _a344 P | ||
| 650 | 0 | 4 | _aCHEMICALS |
| 942 |
_2ddc _cBK |
||
| 999 |
_c25053 _d25053 |
||